000 00564nam a22001817a 4500
999 _c193274
_d193274
005 20221019151532.0
010 _aENG-135498
020 _c1500.00
035 _aEN-119030
037 _bDBAD/PUB
082 _a920
245 _aPranab mukherjee:
_bThe all season man/
_ced. by sukhendu sekhar roy
260 _akolkata
_bsankar mondal
_c2010
270 _a209A bindan sarani,
_bkolkata
_e700006
_k913322412538
_mdeep_prakashan@hotmail.com
300 _a256p.
_c23cm(hbk)
700 _aray, sukendu sekhar
_eeditor
942 _2ddc
_cEN
_mPRA
_h920